000 004220000a22001570004500
003 LK-CoMWRAF
008 230817t ||||| |||| 00| 0 eng d
040 _aLK-CoMWRAF
_dLK-CoMWRAF
_eLK-CoMWRAF
041 _aeng
082 _a610
_bCHI
245 _aChild Abuse And The Law
_bA Review Of The Law And The Legal Process
260 _aColombo
_bChildren's Desk lhrd
300 _ap.84
650 _achildren rights
942 _cBK
999 _c98
_d98